header

Farming in a changing climate (Record no. 5950)

MARC details
000 -LEADER
fixed length control field 01517nam a2200373Ia 4500
001 - CONTROL NUMBER
control field ebr10275459
003 - CONTROL NUMBER IDENTIFIER
control field CaPaEBR
006 - FIXED-LENGTH DATA ELEMENTS--ADDITIONAL MATERIAL CHARACTERISTICS--GENERAL INFORMATION
fixed length control field m u
007 - PHYSICAL DESCRIPTION FIXED FIELD--GENERAL INFORMATION
fixed length control field cr cn|||||||||
008 - FIXED-LENGTH DATA ELEMENTS--GENERAL INFORMATION
fixed length control field 070904s2007 bccab sb 001 0 eng d
020 ## - INTERNATIONAL STANDARD BOOK NUMBER
Cancelled/invalid ISBN 9780774813938
Cancelled/invalid ISBN 0774813938
040 ## - CATALOGING SOURCE
Original cataloging agency CaPaEBR
Transcribing agency CaPaEBR
035 ## - SYSTEM CONTROL NUMBER
System control number (OCoLC)311308139
050 14 - LIBRARY OF CONGRESS CALL NUMBER
Classification number S600.7.C54
Item number F37 2007eb
245 00 - TITLE STATEMENT
Title Farming in a changing climate
Medium [electronic resource] :
Remainder of title agricultural adaptation in Canada /
Statement of responsibility, etc edited by Ellen Wall, Barry Smit, and Johanna Wandel.
260 ## - PUBLICATION, DISTRIBUTION, ETC. (IMPRINT)
Place of publication, distribution, etc Vancouver :
Name of publisher, distributor, etc UBC Press,
Date of publication, distribution, etc c2007.
300 ## - PHYSICAL DESCRIPTION
Extent xiii, 273 p. :
Other physical details ill., maps.
490 1# - SERIES STATEMENT
Series statement Sustainability and the environment
504 ## - BIBLIOGRAPHY, ETC. NOTE
Bibliography, etc Includes bibliographical references (p. [241]-261) and index.
533 ## - REPRODUCTION NOTE
Type of reproduction Electronic reproduction.
Place of reproduction Palo Alto, Calif. :
Agency responsible for reproduction ebrary,
Date of reproduction 2011.
Note about reproduction Available via World Wide Web.
-- Access may be limited to ebrary affiliated libraries.
650 #0 - SUBJECT ADDED ENTRY--TOPICAL TERM
Topical term or geographic name as entry element Crops and climate
Geographic subdivision Canada.
Topical term or geographic name as entry element Crops and climate
General subdivision Methodology.
Topical term or geographic name as entry element Agricultural ecology
Geographic subdivision Canada.
Topical term or geographic name as entry element Agriculture and state
Geographic subdivision Canada.
Topical term or geographic name as entry element Agriculture
General subdivision Management
Geographic subdivision Canada.
655 #7 - INDEX TERM--GENRE/FORM
Genre/form data or focus term Electronic books.
Source of term local
700 1# - ADDED ENTRY--PERSONAL NAME
Personal name Smit, Barry.
Personal name Wall, Shirley Ellen.
Personal name Wandel, Johanna,
Dates associated with a name 1971-
710 2# - ADDED ENTRY--CORPORATE NAME
Corporate name or jurisdiction name as entry element ebrary, Inc.
830 #0 - SERIES ADDED ENTRY--UNIFORM TITLE
Uniform title Sustainability and the environment.
856 40 - ELECTRONIC LOCATION AND ACCESS
Uniform Resource Identifier <a href="http://site.ebrary.com/lib/rucke/Doc?id=10275459">http://site.ebrary.com/lib/rucke/Doc?id=10275459</a>
Public note An electronic book accessible through the World Wide Web; click to view

No items available.

© 2026 Rongo University
Contact us: librarian | system librarian | Rongo university